[Event "VII MIEDZYNARODOWY TURNIEJ SZACHOWY - GORA SW. ANNY - Open "A""]
[Site "Gora Sw. Anny"]
[Date "1899-12-30"]
[Round "2.13"]
[White "Krasiewicz, Robert"]
[Black "Czempiel, Henryk"]
[Result "1-0"]
[WhiteTitle "k+"]
[BlackTitle "I"]
[WhiteElo "2069"]
[BlackElo "1948"]

1. d4 d5 2. c4 c6 3. Nf3 Nf6 4. e3 e6 5. Nc3 Nbd7 6. Qc2 Bd6 7. g4 h6 8. Rg1 b5
9. cxb5 c5 10. h4 Bb7 11. Bd3 e5 12. g5 hxg5 13. hxg5 Ng8 14. dxe5 Bxe5 15. Bd2
d4 16. Ne4 Rh3 17. Nxe5 Nxe5 18. O-O-O c4 19. Bf1 Rh4 20. Nc5 Bf3 21. Re1 d3 22.
Qc3 Qd5 23. Na6 Rc8 24. a4 Ne7 25. Rg3 Nf5 26. Rh3 Be2 27. Rxh4 Nxh4 28. Bh3 Bg4
29. Nb4 Qe6 30. Bxg4 Nxg4 31. Qxg7 Nf3 32. Rh1 Nxd2 33. Kxd2 Nxf2 34. Rh8+ Ke7
35. Nc6+ Kd6 36. Qd4+ Kc7 37. Qxa7+ Kd6 38. Qd4+ Kc7 39. Rxc8+ Kxc8 40. Qd8+ Kb7
41. Qb8# 1-0

[Event "VII MIEDZYNARODOWY TURNIEJ SZACHOWY - GORA SW. ANNY - Open "A""]
[Site "Gora Sw. Anny"]
[Date "1899-12-30"]
[Round "2.14"]
[White "Kulas, Szymon"]
[Black "Sliwicka, Alicja"]
[Result "1-0"]
[WhiteTitle "I++"]
[BlackTitle "WFM"]
[WhiteElo "2009"]
[BlackElo "1842"]

1. d4 d5 2. c4 e6 3. Nf3 c5 4. cxd5 exd5 5. Bg5 Nf6 6. Nc3 Be6 7. e3 Nc6 8. Bb5
Be7 9. dxc5 Bxc5 10. Ne5 Rc8 11. Qa4 Qc7 12. Bxf6 gxf6 13. Nd3 Bb6 14. Qh4 Qe7
15. O-O a6 16. Ba4 f5 17. Qh6 Bd8 18. Nf4 b5 19. Ncxd5 Bxd5 20. Nxd5 Qe6 21. Qg7
Qe5 22. Qxe5+ Nxe5 23. Bb3 O-O 24. Rfd1 Kg7 25. a4 Nc4 26. axb5 axb5 27. Rac1
Ba5 28. Bxc4 bxc4 29. Rd4 Rb8 30. Rdxc4 Rxb2 31. g3 Re8 32. Rc5 Ra2 33. Nf4 Bd2
34. R1c2 Rxc2 35. Rxc2 Bb4 36. Rc6 Be7 37. Kg2 f6 38. Kf3 Kf7 39. Ne2 Kg6 40.
Re6 Kf7 41. Rb6 Rd8 42. Rb5 Bd6 43. Nd4 f4 44. gxf4 Rd7 45. Rd5 Rd8 46. Nc6 Rd7
47. e4 Ke8 48. Nd4 Bc7 49. Rxd7 Kxd7 50. h3 Bb6 51. Nf5 Ke6 52. Ne3 Kf7 53. e5
fxe5 54. fxe5 Ke6 55. Ke4 Bc7 56. f4 Bb8 57. f5+ Ke7 58. Nd5+ Kf7 59. h4 h6 60.
e6+ Kf8 61. f6 Bg3 62. h5 Kg8 63. Kf5 Bd6 64. Kg6 Kf8 65. e7+ 1-0

[Event "VII MIEDZYNARODOWY TURNIEJ SZACHOWY - GORA SW. ANNY - Open "A""]
[Site "Gora Sw. Anny"]
[Date "1899-12-30"]
[Round "3.1"]
[White "Sadzikowski, Daniel"]
[Black "Kriebel, Tadeas"]
[Result "1/2-1/2"]
[WhiteTitle "IM"]
[BlackTitle "FM"]
[WhiteElo "2470"]
[BlackElo "2375"]

1. Nf3 Nf6 2. c4 g6 3. Nc3 d5 4. cxd5 Nxd5 5. Qb3 Nb6 6. d4 Bg7 7. Bf4 O-O 8. e3
Be6 9. Qa3 c6 10. Be2 Nd5 11. Bg3 b5 12. Nxd5 Bxd5 13. O-O Nd7 14. Rfd1 f5 15.
Rac1 Re8 16. Ne1 Nf6 17. Nd3 e6 18. Nb4 Bf8 19. Bh4 a5 20. Nxd5 exd5 21. Qd3 Re6
22. a4 b4 23. Rc2 Qe8 24. Bxf6 Rxf6 25. Rdc1 Kh8 26. g3 Qd7 27. h4 h5 28. Kg2
Qe8 29. b3 Ra7 30. Bf3 Kg7 31. Qe2 Kh8 32. Qd3 Kg7 33. Qe2 Kh8 34. Qd3 1/2-1/2

[Event "VII MIEDZYNARODOWY TURNIEJ SZACHOWY - GORA SW. ANNY - Open "A""]
[Site "Gora Sw. Anny"]
[Date "1899-12-30"]
[Round "3.2"]
[White "Nurkiewicz, Maciej"]
[Black "Dobrowolski, Piotr"]
[Result "1/2-1/2"]
[WhiteTitle "m"]
[BlackTitle "IM"]
[WhiteElo "2390"]
[BlackElo "2422"]

1. d4 Nf6 2. Bg5 Ne4 3. Bf4 e6 4. Nd2 d5 5. e3 Bd6 6. Bxd6 Qxd6 7. Bd3 Nxd2 8.
Qxd2 O-O 9. Nf3 c5 10. O-O Nc6 11. c4 cxd4 12. exd4 dxc4 13. Bxc4 b6 14. Rfd1
Ne7 15. Qd3 Qf4 16. Qe3 Qf6 17. Ne5 Bb7 18. Bd3 Rfd8 19. Be4 Nf5 20. Qf4 Bxe4
21. Qxe4 Rac8 22. d5 exd5 23. Rxd5 Rxd5 24. Qxd5 Rd8 25. Nd7 Qe6 26. Rd1 Qxd5
27. Rxd5 Rc8 28. g3 Ne7 29. Rd3 f6 30. Ra3 Rc7 31. Nb8 Kf7 32. Kg2 g5 33. b4 g4
34. h3 h5 35. hxg4 hxg4 36. b5 Rc8 37. Na6 Nd5 38. Rd3 Ke6 39. Rd4 f5 40. Nb4
Nxb4 41. Rxb4 Rc2 42. Ra4 Rb2 43. Rxa7 Rxb5 44. Ra4 Rb2 45. Rf4 b5 46. a4 b4 47.
a5 Ra2 1/2-1/2

[Event "VII MIEDZYNARODOWY TURNIEJ SZACHOWY - GORA SW. ANNY - Open "A""]
[Site "Gora Sw. Anny"]
[Date "1899-12-30"]
[Round "3.3"]
[White "Kislinsky, Alexey"]
[Black "Rozycki, Bartlomiej"]
[Result "0-1"]
[WhiteTitle "GM"]
[BlackTitle "I++"]
[WhiteElo "2500"]
[BlackElo "2097"]

1. e4 c5 2. a3 e6 3. b4 cxb4 4. axb4 Bxb4 5. Bb2 Nf6 6. e5 Nd5 7. c4 Ne7 8. Qg4
Ng6 9. h4 h5 10. Qg3 d6 11. f4 Nc6 12. Bd3 Nce7 13. Ne2 Nf5 14. Bxf5 exf5 15.
Nbc3 Be6 16. Nd4 Bxc4 17. e6 Qe7 18. O-O-O O-O-O 19. Rde1 Bc5 20. Nxf5 Qf6 21.
Ne3 Bxe3 22. dxe3 Qxe6 23. Qg5 Qg4 24. Ne4 f6 25. Qxg4+ hxg4 26. h5 Ne7 27. Ng3
b5 28. Rh4 a5 29. Rxg4 Rh7 30. f5 Kd7 31. Kd2 Rc8 32. h6 Rxh6 33. Rxg7 Rg8 34.
Rxg8 Nxg8 35. Ne2 Bxe2 36. Kxe2 Ne7 37. e4 Nc6 38. Ra1 Kc7 39. Kf3 a4 40. Bc1
Ne5+ 41. Ke3 Rh2 42. Ra2 Kc6 43. Kd4 Rh1 44. Rc2+ Nc4 45. Kd3 Rd1+ 46. Ke2 Rg1
47. Kf2 Rh1 48. Bb2 Kc5 49. Bxf6 b4 50. Bg7 b3 51. Rc3 Kb4 52. Rd3 a3 53. Bc3+
Kb5 54. Be1 b2 55. Rb3+ Kc5 56. Bb4+ Kd4 57. f6 a2 58. Bc3+ Kxe4 59. Bxb2 Nxb2
60. Re3+ Kd4 0-1

[Event "VII MIEDZYNARODOWY TURNIEJ SZACHOWY - GORA SW. ANNY - Open "A""]
[Site "Gora Sw. Anny"]
[Date "1899-12-30"]
[Round "3.4"]
[White "Liberadzki, Slawomir"]
[Black "Simantsev, Mikhail"]
[Result "1/2-1/2"]
[WhiteTitle "k"]
[BlackTitle "GM"]
[WhiteElo "2095"]
[BlackElo "2459"]

1. e4 c5 2. c3 d5 3. exd5 Qxd5 4. d4 Nf6 5. Nf3 e6 6. Be2 Nc6 7. O-O cxd4 8. cxd4
Be7 9. Nc3 Qd6 10. a3 O-O 11. Be3 Rd8 12. Qb3 b6 13. Rfd1 Bb7 14. Rac1 Rac8 15.
Bg5 Nd5 16. Nxd5 Bxg5 17. Nxb6 axb6 18. Nxg5 Nxd4 19. Qe3 Rxc1 20. Rxc1 h6 21.
Nf3 Nxe2+ 22. Qxe2 Qf4 23. Rd1 Rc8 24. h3 Bd5 25. Qd2 Qc7 26. Nd4 Qb7 27. f3 Qc7
28. Qb4 Qb8 29. Nf5 Rc4 30. Ne7+ Kf8 31. Ng6+ Kg8 32. Ne7+ Kf8 33. Ng6+ Kg8 34.
Ne7+ Kh8 35. Qb3 Qe5 36. Nxd5 exd5 37. Qxb6 Rc2 38. Qd8+ Kh7 39. Qxd5 Qxd5 40.
Rxd5 Rc4 1/2-1/2

[Event "VII MIEDZYNARODOWY TURNIEJ SZACHOWY - GORA SW. ANNY - Open "A""]
[Site "Gora Sw. Anny"]
[Date "1899-12-30"]
[Round "3.5"]
[White "Stachowiak, Kamil"]
[Black "Dmochowska, Agnieszka"]
[Result "1-0"]
[WhiteTitle "IM"]
[BlackTitle "WCM"]
[WhiteElo "2442"]
[BlackElo "1841"]

1. d4 Nf6 2. c4 e6 3. Nf3 b6 4. g3 Ba6 5. Qa4 Bb7 6. Bg2 c5 7. dxc5 bxc5 8. O-O
Be7 9. Nc3 O-O 10. Rd1 d6 11. Bf4 h6 12. Rd2 Qb6 13. Rad1 Rd8 14. Qb5 Qc7 15.
Bxd6 Bxd6 16. Rxd6 Rxd6 17. Rxd6 Nbd7 18. Rd1 Rb8 19. Qa4 Bxf3 20. Bxf3 Rxb2 21.
Nb5 Qb8 22. Nxa7 Rb4 23. Qa6 Rb6 24. Qa5 Ne5 25. Nc6 Nxc4 26. Qxc5 Rxc6 27. Qxc6
Ne5 28. Qa8 Nxf3+ 29. Qxf3 Nd5 30. Qd3 Qa7 31. Qb3 Qa5 32. Rc1 Qa6 33. Rc2 Qa8
34. a4 1-0

[Event "VII MIEDZYNARODOWY TURNIEJ SZACHOWY - GORA SW. ANNY - Open "A""]
[Site "Gora Sw. Anny"]
[Date "1899-12-30"]
[Round "3.6"]
[White "Obrusnik, Michal"]
[Black "Krasiewicz, Robert"]
[Result "1-0"]
[WhiteTitle "k+"]
[BlackTitle "k+"]
[WhiteElo "2278"]
[BlackElo "2069"]

1. e4 e6 2. d4 d5 3. Nc3 Bb4 4. e5 c5 5. a3 Bxc3+ 6. bxc3 Qa5 7. Bd2 Qa4 8. Qb1
c4 9. h4 Nc6 10. h5 h6 11. g4 Bd7 12. Bh3 O-O-O 13. f4 f6 14. Nf3 Nge7 15. Qd1
Rdf8 16. Nh4 Rf7 17. exf6 gxf6 18. f5 exf5 19. gxf5 Qa5 20. O-O Rg7+ 21. Ng6 Nxg6
22. hxg6 h5 23. Qe1 Qa4 24. Ra2 Qa5 25. Qh4 Qd8 26. Raa1 Qf8 27. Bf4 b5 28. Bg3
Kb7 29. Rab1 a6 30. a4 Na7 31. Bg2 Bc6 32. Rbe1 bxa4 33. Re6 Nb5 34. Rxf6 Qa3
35. Rxc6 Rd7 36. Qf6 1-0

[Event "VII MIEDZYNARODOWY TURNIEJ SZACHOWY - GORA SW. ANNY - Open "A""]
[Site "Gora Sw. Anny"]
[Date "1899-12-30"]
[Round "3.7"]
[White "Kulas, Szymon"]
[Black "Plichta, Kamil"]
[Result "0-1"]
[WhiteTitle "I++"]
[BlackTitle "k+"]
[WhiteElo "2009"]
[BlackElo "2248"]

1. e4 c5 2. c3 d5 3. exd5 Qxd5 4. d4 g6 5. Na3 Bg7 6. Nb5 Na6 7. Nf3 cxd4 8. Nbxd4
Nc7 9. Be3 Bd7 10. Qb3 Qxb3 11. Nxb3 Nf6 12. h3 O-O 13. O-O-O Ba4 14. Kb1 Rfe8
15. Bf4 Ne6 16. Be3 Rec8 17. Bd3 Bc6 18. Nbd4 Nxd4 19. Bxd4 Nh5 20. Rhe1 Bxf3
21. gxf3 Bxd4 22. cxd4 Rc7 23. Bc2 Rd8 24. Bb3 Kf8 25. a3 Rcd7 26. d5 Nf4 27.
Rd4 Nxh3 28. Re2 g5 29. Ra4 b6 30. Rc2 Nf4 31. Rc1 h5 32. Rg1 f6 33. d6 e6 34.
Re1 Rxd6 35. Rxa7 R8d7 36. Ra8+ Kg7 37. Rc1 f5 0-1

[Event "VII MIEDZYNARODOWY TURNIEJ SZACHOWY - GORA SW. ANNY - Open "A""]
[Site "Gora Sw. Anny"]
[Date "1899-12-30"]
[Round "3.8"]
[White "Lewtak, Dominik"]
[Black "Cukrowski, Filip"]
[Result "1/2-1/2"]
[WhiteTitle "I+"]
[BlackTitle "k"]
[WhiteElo "1943"]
[BlackElo "2215"]

1. Nf3 Nf6 2. g3 c5 3. c4 e6 4. d4 cxd4 5. Nxd4 Be7 6. Bg2 O-O 7. O-O a6 8. b3
Qc7 9. Bb2 d6 10. Nd2 Nbd7 11. Ne4 Nxe4 12. Bxe4 Nc5 13. Bg2 e5 14. Nc2 Bg4 15.
Ne3 Be6 16. Nd5 Bxd5 17. Qxd5 a5 18. Ba3 Rab8 19. Rad1 b6 20. Kh1 Rbd8 21. e3
Kh8 22. Bxc5 bxc5 23. Qc6 Qa7 24. Qb7 Qxb7 25. Bxb7 f5 26. f3 g6 27. Kg2 Kg7 28.
e4 f4 29. g4 h5 30. h3 hxg4 31. hxg4 Kf6 32. Bc6 Rc8 33. Bb5 Rc7 34. Rh1 Kg7 35.
Rh2 Rh8 36. Rxh8 Kxh8 37. Be8 Kg7 38. Rh1 Rc8 39. Bd7 Rd8 40. Bc6 Rc8 41. Bd7
1/2-1/2

[Event "VII MIEDZYNARODOWY TURNIEJ SZACHOWY - GORA SW. ANNY - Open "A""]
[Site "Gora Sw. Anny"]
[Date "1899-12-30"]
[Round "3.9"]
[White "Lizak, Jakub"]
[Black "Eggink, Ryszard"]
[Result "1-0"]
[WhiteTitle "I"]
[BlackTitle "I++"]
[WhiteElo "1948"]
[BlackElo "2198"]

1. e4 c5 2. Nf3 d6 3. d4 cxd4 4. Nxd4 Nf6 5. Nc3 a6 6. Be3 e6 7. f3 b5 8. g4 Bb7
9. Qd2 Qc7 10. g5 Nfd7 11. O-O-O b4 12. Nce2 d5 13. exd5 Bxd5 14. Kb1 e5 15. Nf5
Bxf3 16. Rg1 g6 17. Nfg3 Be7 18. Bh3 O-O 19. Rgf1 Bc6 20. Qd3 e4 21. Qd2 Nb6 22.
Bxb6 Qxb6 23. Qf4 Qb5 24. Nf5 gxf5 25. Nd4 Qc5 26. Bxf5 Bd7 27. Bxe4 Ra7 28. Qh4
h5 29. Qxh5 f5 30. Qg6+ Kh8 31. Qh6+ Kg8 32. g6 Rf7 33. gxf7+ Kxf7 34. Bxf5 1-0

[Event "VII MIEDZYNARODOWY TURNIEJ SZACHOWY - GORA SW. ANNY - Open "A""]
[Site "Gora Sw. Anny"]
[Date "1899-12-30"]
[Round "3.10"]
[White "Khamidov, Komil"]
[Black "Grela, Kacper"]
[Result "1-0"]
[WhiteTitle "I++"]
[BlackTitle "I+"]
[WhiteElo "2165"]
[BlackElo "2002"]

1. e4 e5 2. Nf3 Nc6 3. d4 exd4 4. Nxd4 Bc5 5. Be3 Qf6 6. c3 Nge7 7. Bc4 Ne5 8.
Be2 Qg6 9. O-O O-O 10. Nd2 d5 11. Nf5 dxe4 12. Bxc5 Bxf5 13. Bxe7 Bh3 14. g3 Rfe8
15. Bc5 Rad8 16. Re1 Qf5 17. Qa4 Re6 18. Rad1 Ng4 19. Nb3 Rxd1 20. Rxd1 h6 21.
Qd7 Kh7 22. Qxc7 Rf6 23. f4 exf3 24. Bd3 Qxd3 25. Rxd3 f2+ 26. Bxf2 Rxf2 27. Qf4
Rg2+ 28. Kf1 Nxh2+ 29. Ke1 Rg1+ 30. Ke2 Bf1+ 31. Ke3 Bxd3 32. Kxd3 1-0

[Event "VII MIEDZYNARODOWY TURNIEJ SZACHOWY - GORA SW. ANNY - Open "A""]
[Site "Gora Sw. Anny"]
[Date "1899-12-30"]
[Round "3.11"]
[White "Eggink, Mateusz"]
[Black "Pultorak, Jan"]
[Result "1/2-1/2"]
[WhiteTitle "I"]
[BlackTitle "I"]
[WhiteElo "2075"]
[BlackElo "1933"]

1. e4 c5 2. Nf3 d6 3. d4 cxd4 4. Nxd4 Nf6 5. Nc3 a6 6. Be2 e6 7. O-O Be7 8. a4
O-O 9. Kh1 Nc6 10. f4 Qc7 11. Be3 Bd7 12. Bf3 Nxd4 13. Qxd4 Bc6 14. e5 dxe5 15.
fxe5 Nd7 16. Bxc6 Qxc6 17. Bf4 Rfd8 18. Qf2 Bc5 19. Qg3 Nb6 20. Bh6 Bf8 21. Rf4
Nd5 22. Rg4 g6 23. Bxf8 Kxf8 24. Ne4 Qxc2 25. Qf3 Ne3 26. Rf4 Rd1+ 27. Rxd1 Qxd1+
28. Qxd1 Nxd1 29. Ng5 Nxb2 30. Rxf7+ Kg8 31. Rxb7 Nxa4 32. Nxh7 Rd8 33. Nf6+ Kf8
34. h4 Nc5 35. Nh7+ Kg8 36. Nf6+ Kf8 37. Ra7 Nd3 38. Nh7+ Kg8 39. Nf6+ Kf8 40.
Nd7+ Ke8 41. Nf6+ Kf8 1/2-1/2

[Event "VII MIEDZYNARODOWY TURNIEJ SZACHOWY - GORA SW. ANNY - Open "A""]
[Site "Gora Sw. Anny"]
[Date "1899-12-30"]
[Round "3.12"]
[White "Piotrowski, Przemyslaw"]
[Black "Malinovsky, Petr"]
[Result "1-0"]
[WhiteTitle "I++"]
[BlackTitle "k"]
[WhiteElo "2062"]
[BlackElo "2008"]

1. d4 d5 2. c4 e6 3. Nc3 c6 4. Nf3 dxc4 5. a4 Bb4 6. g3 b5 7. Bg2 Bb7 8. Ne5 Qc7
9. O-O f6 10. Nf3 a6 11. e4 e5 12. axb5 axb5 13. Rxa8 Bxa8 14. dxe5 fxe5 15. Nxe5
Qxe5 16. Bf4 Qe6 17. Bxb8 Ne7 18. Qh5+ Qf7 19. Qe5 O-O 20. Qc7 Bc5 21. Ba7 Rc8
22. Qd7 Bxa7 23. Qxa7 Ng6 24. Qxf7+ Kxf7 25. f4 Rd8 26. e5 Ne7 27. Ra1 Nd5 28.
Nxd5 cxd5 29. Rxa8 1-0

[Event "VII MIEDZYNARODOWY TURNIEJ SZACHOWY - GORA SW. ANNY - Open "A""]
[Site "Gora Sw. Anny"]
[Date "1899-12-30"]
[Round "3.13"]
[White "Czempiel, Henryk"]
[Black "Kolasinski, Krzysztof"]
[Result "1-0"]
[WhiteTitle "I"]
[BlackTitle "I++"]
[WhiteElo "1948"]
[BlackElo "2004"]

1. e4 e6 2. d4 d5 3. exd5 exd5 4. Qf3 Nf6 5. h3 Be6 6. Bd3 Nbd7 7. Ne2 Bd6 8. Bg5
h6 9. Bf4 Qe7 10. Nd2 g5 11. Bxd6 Qxd6 12. O-O-O O-O-O 13. Rde1 Qb6 14. Nb3 a5
15. Nc3 c6 16. Nc5 Qb4 17. Nxe6 fxe6 18. Rxe6 Qxd4 19. Ne2 Qa4 20. Rxf6 Nxf6 21.
Qxf6 Kb8 22. a3 c5 23. Qe5+ Ka8 24. Nc3 Qf4+ 25. Qxf4 gxf4 26. Be2 Rhe8 27. Bf3
Re5 28. Kd2 d4 29. Ne2 Rf8 30. Re1 Ka7 31. a4 Ka6 32. b3 b5 33. axb5+ Kb6 34.
Bc6 Rf6 35. Nxf4 Rxe1 36. Nd5+ Ka7 37. b6+ Ka6 38. Nxf6 Re6 39. b7 1-0

[Event "VII MIEDZYNARODOWY TURNIEJ SZACHOWY - GORA SW. ANNY - Open "A""]
[Site "Gora Sw. Anny"]
[Date "1899-12-30"]
[Round "3.14"]
[White "Oszczanowski, Witold"]
[Black "Sliwicka, Alicja"]
[Result "1/2-1/2"]
[WhiteTitle "I+"]
[BlackTitle "WFM"]
[WhiteElo "2002"]
[BlackElo "1842"]

1. d4 d5 2. Nf3 Nf6 3. c4 dxc4 4. e3 e6 5. Bxc4 c5 6. O-O Nc6 7. Qe2 Qc7 8. Nc3
a6 9. a4 Bd6 10. Rd1 O-O 11. h3 Nb4 12. e4 cxd4 13. Nxd4 Be5 14. Be3 Bd7 15. Rac1
Rac8 16. Bb3 Nc6 17. Nf3 Bxc3 18. bxc3 Nxe4 19. Qd3 Nf6 20. Bg5 Rfd8 21. Bc2 Be8
22. Nd4 Ne5 23. Qe2 Ng6 24. Bb3 Qe5 25. Qxe5 Nxe5 26. Nxe6 Rxd1+ 27. Rxd1 Bxa4
28. Bxa4 fxe6 29. Bb3 Nc4 30. Bxf6 gxf6 31. Bxc4 Rxc4 32. Rd8+ Kf7 33. Rd7+ Kg6
34. Rxb7 a5 35. Ra7 Rxc3 36. Rxa5 Rc2 37. Ra8 f5 38. Re8 Kf6 39. Rf8+ Kg7 40.
Re8 Kf6 41. Rf8+ 1/2-1/2

[Event "VII MIEDZYNARODOWY TURNIEJ SZACHOWY - GORA SW. ANNY - Open "A""]
[Site "Gora Sw. Anny"]
[Date "1899-12-30"]
[Round "4.1"]
[White "Rozycki, Bartlomiej"]
[Black "Sadzikowski, Daniel"]
[Result "0-1"]
[WhiteTitle "I++"]
[BlackTitle "IM"]
[WhiteElo "2097"]
[BlackElo "2470"]

1. d4 Nf6 2. c4 e6 3. Nc3 Bb4 4. Qc2 O-O 5. a3 Bxc3+ 6. Qxc3 d6 7. Nf3 Nbd7 8.
Bg5 b6 9. e3 Bb7 10. Bd3 c5 11. O-O h6 12. Bh4 Rc8 13. b4 Bxf3 14. gxf3 cxd4 15.
Qxd4 Ne5 16. Kg2 Nxd3 17. Qxd3 d5 18. cxd5 Qxd5 19. Rfd1 g5 20. Bg3 Rfd8 21. Qe2
Qb7 22. Be5 Nd7 23. Bb2 Nf8 24. Rac1 Ng6 25. Ba1 e5 26. Kg3 Rxc1 27. Rxc1 Qd5
28. Qc4 Qxc4 29. Rxc4 Rd1 30. Bb2 Rg1+ 31. Kh3 h5 32. Rc1 g4+ 33. fxg4 hxg4# 0-1

[Event "VII MIEDZYNARODOWY TURNIEJ SZACHOWY - GORA SW. ANNY - Open "A""]
[Site "Gora Sw. Anny"]
[Date "1899-12-30"]
[Round "4.2"]
[White "Kriebel, Tadeas"]
[Black "Nurkiewicz, Maciej"]
[Result "1/2-1/2"]
[WhiteTitle "FM"]
[BlackTitle "m"]
[WhiteElo "2375"]
[BlackElo "2390"]

1. e4 c5 2. Nf3 d6 3. d4 cxd4 4. Nxd4 Nf6 5. Nc3 a6 6. Be3 e6 7. Be2 Be7 8. Qd2
Qc7 9. g4 b5 10. a3 Bb7 11. f3 Nfd7 12. O-O-O Nb6 13. Ndxb5 axb5 14. Nxb5 Qc6
15. Nxd6+ Bxd6 16. Qxd6 Qxd6 17. Rxd6 N6d7 18. Rhd1 Ba6 19. c4 Ke7 20. b3 Rc8
21. Kb2 e5 22. R6d2 f6 23. Rc1 Nc6 24. b4 Rab8 25. Ka1 Rc7 26. b5 Na5 27. Rb2
Bc8 28. c5 Nf8 29. c6 Ne6 30. Bd2 Nxc6 31. bxc6 Rxb2 32. Kxb2 Nd4 33. Bb4+ Kd8
34. Bd1 Rxc6 35. Rxc6 Nxc6 36. Bc5 Ba6 37. Kc3 Kd7 38. h4 Nd8 39. Ba4+ Kc7 40.
Kd2 Ne6 41. Be3 Kd6 42. Bb3 Bb5 43. Bc2 Bc4 44. Bd3 Bb3 45. Be2 Kc6 46. Kc3 Ba4
47. g5 fxg5 48. hxg5 h6 49. gxh6 gxh6 50. Bxh6 Nd4 51. Bc4 Nxf3 52. Kb4 Bc2 53.
Bd5+ Kc7 54. Be3 Nh2 55. Kc3 Ba4 56. Bf7 Ng4 57. Kd3 Bb5+ 58. Kd2 Nf6 59. Kc3
Nxe4+ 60. Kb4 Bc6 61. a4 Nd6 62. Be6 Nb7 63. a5 Nxa5 64. Kxa5 Kd6 65. Bg8 Bd5
66. Bh7 Bf7 67. Kb4 Kc6 68. Kc3 Be6 69. Kd3 Bd5 70. Bg5 Kd6 71. Bh4 Bc6 72. Be1
Bd5 73. Bb4+ Kd7 74. Ke3 Bb3 75. Ba3 Ba2 76. Kf3 Bb3 77. Kg4 Bd1+ 78. Kg5 Bf3
79. Kf5 Kc6 80. Kxe5 Kb7 81. Kd6 Ka8 82. Kc7 Bg2 83. Bc5 Bf3 84. Be4+ 1/2-1/2

[Event "VII MIEDZYNARODOWY TURNIEJ SZACHOWY - GORA SW. ANNY - Open "A""]
[Site "Gora Sw. Anny"]
[Date "1899-12-30"]
[Round "4.3"]
[White "Dobrowolski, Piotr"]
[Black "Obrusnik, Michal"]
[Result "0-1"]
[WhiteTitle "IM"]
[BlackTitle "k+"]
[WhiteElo "2422"]
[BlackElo "2278"]

1. c4 e6 2. Nc3 d5 3. d4 f5 4. Nf3 c6 5. Bf4 Nf6 6. e3 Be7 7. Bd3 O-O 8. Qc2 Ne4
9. g4 Kh8 10. gxf5 exf5 11. Rg1 Be6 12. O-O-O Nd7 13. Ne5 Nxe5 14. Bxe5 Bf6 15.
f3 Nxc3 16. Qxc3 Bxe5 17. dxe5 f4 18. cxd5 cxd5 19. Qd4 fxe3 20. Qxe3 Qh4 21.
Kb1 Qf4 22. Qxf4 Rxf4 23. Rg3 Raf8 24. Rf1 d4 25. Kc2 Bd5 26. Rg4 Bxf3 27. Rxf4
Rxf4 28. e6 Kg8 29. Kd2 g5 30. h4 g4 31. e7 Kf7 32. Re1 Bc6 33. Bxh7 g3 34. h5
Rf2+ 35. Kd3 g2 36. Bg6+ Kf6 37. Rg1 Kxe7 38. h6 Kf6 39. Be4 Rxb2 40. a4 Bxe4+
41. Kxe4 Kg6 42. Kxd4 Kxh6 0-1

[Event "VII MIEDZYNARODOWY TURNIEJ SZACHOWY - GORA SW. ANNY - Open "A""]
[Site "Gora Sw. Anny"]
[Date "1899-12-30"]
[Round "4.4"]
[White "Simantsev, Mikhail"]
[Black "Lizak, Jakub"]
[Result "1-0"]
[WhiteTitle "GM"]
[BlackTitle "I"]
[WhiteElo "2459"]
[BlackElo "1948"]

1. d4 Nf6 2. c4 g6 3. Nc3 Bg7 4. e4 d6 5. h3 Nbd7 6. Nf3 e5 7. d5 Nc5 8. Qc2 a5
9. g4 c6 10. Be3 Qc7 11. Nd2 O-O 12. Be2 Bd7 13. O-O-O cxd5 14. exd5 Rfc8 15.
Kb1 Qb8 16. Rdg1 a4 17. a3 Qc7 18. h4 Qa5 19. h5 b5 20. cxb5 Nb3 21. Nxb3 axb3
22. Qxb3 Rxc3 23. Qxc3 Qxc3 24. bxc3 Nxd5 25. Kb2 Rc8 26. Rc1 f5 27. hxg6 f4 28.
gxh7+ Kh8 29. Bd2 e4 30. Kb3 e3 31. Be1 Be6 32. c4 Rc5 33. a4 Nf6 34. fxe3 fxe3
35. Bc3 d5 36. Bd4 1-0

[Event "VII MIEDZYNARODOWY TURNIEJ SZACHOWY - GORA SW. ANNY - Open "A""]
[Site "Gora Sw. Anny"]
[Date "1899-12-30"]
[Round "4.5"]
[White "Plichta, Kamil"]
[Black "Stachowiak, Kamil"]
[Result "0-1"]
[WhiteTitle "k+"]
[BlackTitle "IM"]
[WhiteElo "2248"]
[BlackElo "2442"]

1. d4 Nf6 2. c4 c5 3. d5 b5 4. cxb5 a6 5. f3 g6 6. e4 Bg7 7. Na3 O-O 8. Ne2 e6
9. Nc3 exd5 10. Nxd5 Bb7 11. Bc4 axb5 12. Nxf6+ Bxf6 13. Nxb5 d5 14. exd5 Bxb2
15. Bxb2 Qh4+ 16. g3 Qxc4 17. Nc3 Nd7 18. Qd2 Ne5 19. O-O-O Rxa2 20. Qf4 Rxb2
21. Kxb2 Nd3+ 22. Rxd3 Qxd3 23. Rd1 Qa6 24. Qc7 Rc8 25. Qe7 Qb6+ 26. Kc2 c4 27.
Qe4 Qb3+ 28. Kd2 Qb2+ 29. Qc2 Qa3 30. Ke2 Re8+ 31. Kf2 f5 32. Qd2 Qe7 33. Qd4
g5 34. h4 g4 35. fxg4 f4 36. g5 fxg3+ 37. Kxg3 Qd6+ 38. Kg2 Re5 39. Rd2 h6 40.
gxh6 Bc8 41. Qxc4 Bh3+ 42. Kxh3 Re3+ 43. Kg4 Qg3+ 44. Kf5 Qe5+ 0-1

[Event "VII MIEDZYNARODOWY TURNIEJ SZACHOWY - GORA SW. ANNY - Open "A""]
[Site "Gora Sw. Anny"]
[Date "1899-12-30"]
[Round "4.6"]
[White "Cukrowski, Filip"]
[Black "Liberadzki, Slawomir"]
[Result "1-0"]
[WhiteTitle "k"]
[BlackTitle "k"]
[WhiteElo "2215"]
[BlackElo "2095"]

1. e4 c5 2. Nf3 e6 3. d4 cxd4 4. Nxd4 Nc6 5. Nc3 Qc7 6. Be2 a6 7. O-O Nf6 8. Be3
Bb4 9. Na4 Be7 10. c4 Nxe4 11. c5 O-O 12. Rc1 f5 13. g3 Rb8 14. Bf3 Nxd4 15. Qxd4
Bf6 16. Qd3 Qa5 17. Nb6 Qxa2 18. Bxe4 fxe4 19. Qd6 Qxb2 20. Qxb8 Be5 21. Qa8 d5
22. cxd6 Bd7 23. Qxf8+ Kxf8 24. Nxd7+ Ke8 25. Nxe5 Qxe5 26. Rfd1 Kd7 27. Rc7+
Kd8 28. d7 1-0

[Event "VII MIEDZYNARODOWY TURNIEJ SZACHOWY - GORA SW. ANNY - Open "A""]
[Site "Gora Sw. Anny"]
[Date "1899-12-30"]
[Round "4.7"]
[White "Dmochowska, Agnieszka"]
[Black "Kislinsky, Alexey"]
[Result "0-1"]
[WhiteTitle "WCM"]
[BlackTitle "GM"]
[WhiteElo "1841"]
[BlackElo "2500"]

1. e4 c5 2. c3 g6 3. d4 cxd4 4. cxd4 d5 5. e5 Nc6 6. Bf4 Bg7 7. Nc3 h5 8. Qd2 a6
9. Nf3 Bg4 10. Be2 Nh6 11. h3 Bxf3 12. Bxf3 e6 13. g4 Qb6 14. Be3 O-O-O 15. O-O-O
Kb8 16. Be2 Ng8 17. Na4 Qc7 18. Nc5 Bf8 19. Qc3 Rc8 20. Kb1 Bxc5 21. Qxc5 f6 22.
f4 Nce7 23. Qxc7+ Kxc7 24. Rc1+ Kd7 25. Rcg1 Rh7 26. b3 hxg4 27. hxg4 Rxh1 28.
Rxh1 f5 29. g5 Nc6 30. a3 Nge7 31. Kb2 Rg8 32. Rh7 Ke8 33. Ka2 Rf8 34. Kb2 Rf7
35. Rxf7 Kxf7 36. Kc3 Nc8 37. Bf1 Ke7 38. Be2 Kd7 39. Bf1 Kc7 40. Be2 b5 41. Kb2
Kb7 42. Bg1 Nb6 43. Bf2 Na8 44. Be3 Nc7 45. Bf2 Ne8 46. Kc2 Kb6 47. Kd3 a5 48.
Bd1 Nc7 49. Bc2 Ka6 50. Bd1 Na8 51. Be1 Nb6 52. b4 Nc4 53. Kc3 a4 54. Bf2 Nxa3
55. Kb2 Nc4+ 56. Kc3 Nb6 57. Be3 Na8 58. Bc1 Nc7 59. Be3 Kb6 60. Bc1 Ne8 61. Be3
Ng7 62. Bc1 Ne7 63. Be2 Nh5 64. Be3 Nc6 65. Bc1 Ng3 66. Bf3 Ne4+ 67. Bxe4 dxe4
68. Be3 Kc7 0-1

[Event "VII MIEDZYNARODOWY TURNIEJ SZACHOWY - GORA SW. ANNY - Open "A""]
[Site "Gora Sw. Anny"]
[Date "1899-12-30"]
[Round "4.8"]
[White "Piotrowski, Przemyslaw"]
[Black "Khamidov, Komil"]
[Result "1-0"]
[WhiteTitle "I++"]
[BlackTitle "I++"]
[WhiteElo "2062"]
[BlackElo "2165"]

1. Nf3 Nc6 2. c4 e5 3. Nc3 Nf6 4. d3 g6 5. Nd5 h6 6. g3 Bg7 7. Bg2 d6 8. O-O Be6
9. e4 Qd7 10. Re1 Ne7 11. d4 Nh7 12. dxe5 dxe5 13. b3 c6 14. Nxe7 Qxe7 15. Bb2
Rd8 16. Qc2 f6 17. c5 O-O 18. h4 Rd7 19. Rad1 Rfd8 20. Ba3 b5 21. Rd6 Rc8 22.
Red1 a5 23. Rxd7 Bxd7 24. Qd2 Bg4 25. Qxa5 f5 26. Re1 f4 27. Qc3 Nf8 28. Bb2 Nd7
29. b4 Qe6 30. gxf4 Bxf3 31. Bxf3 Rf8 32. f5 gxf5 33. Bg2 f4 34. Rd1 Rf7 35. Rd6
Qg4 36. Qh3 Qe2 37. Rxd7 Qxb2 38. Qe6 Qc1+ 39. Bf1 1-0

[Event "VII MIEDZYNARODOWY TURNIEJ SZACHOWY - GORA SW. ANNY - Open "A""]
[Site "Gora Sw. Anny"]
[Date "1899-12-30"]
[Round "4.9"]
[White "Krasiewicz, Robert"]
[Black "Lewtak, Dominik"]
[Result "0-1"]
[WhiteTitle "k+"]
[BlackTitle "I+"]
[WhiteElo "2069"]
[BlackElo "1943"]

1. e4 c5 2. Nf3 e6 3. b3 d5 4. e5 Nc6 5. Bb2 Qc7 6. Bb5 Nge7 7. O-O a6 8. Bxc6+
Nxc6 9. Qe2 Be7 10. c3 b5 11. d4 c4 12. b4 a5 13. a3 Bd7 14. Nbd2 f6 15. Rfe1
a4 16. Nf1 O-O-O 17. Bc1 Rdf8 18. Bf4 f5 19. h4 h6 20. h5 Be8 21. Ng3 Qd8 22.
Kf1 Bf7 23. Kg1 Qe8 24. Nd2 Bh4 25. Ndf1 Bg5 26. Qe3 Bxf4 27. Qxf4 Bxh5 28. Qh4
Bf7 29. f4 Rfg8 30. Ne2 g5 31. Qh2 Ne7 32. Kf2 Qf8 33. g3 Qg7 34. Ne3 h5 35. Rg1
Qh6 36. Rg2 Ng6 37. Rag1 Kd7 38. Kf3 h4 39. Rh1 Qh5+ 40. Kf2 hxg3+ 41. Qxg3 Qxh1
42. Qxg5 Nxe5 43. Qf6 Rxg2+ 44. Nxg2 Ng4+ 0-1